[Event "26. ChessOrg Schachfestival Sen."]
[Site "Bad Woerishofen"]
[Date "2010.03.08"]
[Round "3.3"]
[White "Erhart, Uwe"]
[Black "Hund, Gerhard"]
[Result "1/2-1/2"]
[WhiteElo "2056"]
[BlackElo "2108"]
[PlyCount "109"]
[EventDate "2010.??.??"]
[SourceDate "2010.03.06"]

1. e4 c5 2. Nf3 d6 3. d4 cxd4 4. Qxd4 Nc6 5. Bb5 Bd7 6. Bxc6 bxc6 7. Nc3 e5 8.
Qd3 Qc7 9. O-O Be7 10. Rd1 Rd8 11. Bg5 Bc8 12. Bxe7 Nxe7 13. Ne2 O-O 14. c4 f5
15. exf5 Bxf5 16. Qe3 Ng6 17. Ne1 Be6 18. Rac1 Qf7 19. b3 d5 20. cxd5 cxd5 21.
Ng3 d4 22. Qe2 Nf4 23. Qb2 d3 24. f3 e4 25. Nxe4 Ne2+ 26. Kf2 Nxc1 27. Qxc1 Bd5
28. Nc5 Qh5 29. Kg1 Rc8 30. Nexd3 Rxf3 31. gxf3 Qxf3 32. Nf4 Rxc5 33. Qxc5
Qxd1+ 34. Kf2 Qf3+ 35. Ke1 Qh1+ 36. Kd2 Qxh2+ 37. Kc3 Qg3+ 38. Nd3 Qf3 39. Qxa7
h5 40. Qb8+ Kh7 41. Qd8 Qe4 42. Qg5 Bf7 43. Nf4 Qe3+ 44. Kb2 Qf2+ 45. Ka3 Qa7+
46. Kb2 Qd4+ 47. Ka3 Qd6+ 48. Kb2 g6 49. Ng2 Kg7 50. Kc2 Bd5 51. Nf4 Be4+ 52.
Kc1 Kf7 53. Nxh5 Qd4 54. Qf4+ Ke7 55. Qc7+ 1/2-1/2

[Event "26. ChessOrg Schachfestival Sen."]
[Site "Bad Woerishofen"]
[Date "2010.03.08"]
[Round "3.20"]
[White "Ganslmayer, Herbert"]
[Black "Groenegress, Wilfried"]
[Result "0-1"]
[WhiteElo "1945"]
[BlackElo "2185"]
[PlyCount "102"]
[EventDate "2010.??.??"]
[SourceDate "2010.03.06"]

1. e4 e5 2. Nf3 Nc6 3. d3 Nf6 4. Nbd2 Bc5 5. h3 d6 6. g3 h6 7. Bg2 Be6 8. O-O
O-O 9. Kh2 d5 10. Nh4 dxe4 11. dxe4 Qe7 12. c3 Rad8 13. Qe2 Rfe8 14. Nf5 Qd7
15. Qf3 Bxf5 16. exf5 e4 17. Qe2 Qxf5 18. Nc4 Ne5 19. Ne3 Nf3+ 20. Kh1 Qe6 21.
Rd1 Rxd1+ 22. Qxd1 Ne5 23. Qc2 Nd3 24. b3 Ne1 25. Qe2 Nxg2 26. Kxg2 Nd5 27.
Nxd5 Qxd5 28. Be3 Bxe3 29. Qxe3 f5 30. Re1 c5 31. Re2 Rd8 32. g4 fxg4 33. hxg4
Re8 34. Kg3 Qe5+ 35. Kh3 h5 36. g5 Qf5+ 37. Kh2 Rf8 38. Kg1 Qg4+ 39. Kf1 Rd8
40. Rd2 Rxd2 41. Qxd2 Qf5 42. Qd8+ Kh7 43. Qe8 Qh3+ 44. Ke2 Qd3+ 45. Ke1 Qxc3+
46. Kf1 Qf3 47. g6+ Kh6 48. Qh8+ Kxg6 49. Qe8+ Kh7 50. Ke1 h4 51. Qe7 Qg4 0-1

[Event "26. ChessOrg Schachfestival Sen."]
[Site "Bad Woerishofen"]
[Date "2010.03.08"]
[Round "3.9"]
[White "Goy, Udo"]
[Black "Zohr, Adelbert"]
[Result "0-1"]
[WhiteElo "2238"]
[BlackElo "1949"]
[PlyCount "89"]
[EventDate "2010.??.??"]
[SourceDate "2010.03.06"]

1. d4 d5 2. Nf3 Nf6 3. c4 c6 4. Nc3 Bf5 5. g3 e6 6. Bg2 Nbd7 7. O-O dxc4 8. a4
a5 9. Nh4 Bg6 10. e4 Nb6 11. Nxg6 hxg6 12. Qe2 Bb4 13. Rd1 O-O 14. Bg5 Be7 15.
h4 Re8 16. Rd2 Nh7 17. Be3 Nf6 18. Rad1 Bb4 19. Bg5 Be7 20. Bh3 Nh7 21. Be3 Nf6
22. Qf3 Bb4 23. Ra1 Nh7 24. Bf1 Nf6 25. Rdd1 Qc7 26. Bf4 Qd8 27. Be2 Nh5 28.
Be3 Nf6 29. Qg2 Qc7 30. Bf4 Qd7 31. Bg5 Nh7 32. Be3 Nf6 33. d5 c5 34. d6 Bxc3
35. bxc3 Nxa4 36. Rxa4 Qxa4 37. e5 Nd5 38. Rxd5 exd5 39. Qxd5 Qc6 40. Qxc6 bxc6
41. f4 a4 42. Bxc4 a3 43. Ba2 Reb8 44. Bc1 Kf8 45. Kf1 0-1

[Event "26. ChessOrg Schachfestival Sen."]
[Site "Bad Woerishofen"]
[Date "2010.03.08"]
[Round "3.4"]
[White "Krotofil, Kurt"]
[Black "Straub, Peter"]
[Result "0-1"]
[WhiteElo "2030"]
[BlackElo "2101"]
[PlyCount "44"]
[EventDate "2010.??.??"]
[SourceDate "2010.03.06"]

1. d4 Nf6 2. c4 e6 3. Nc3 Bb4 4. e3 O-O 5. Bd3 d5 6. Nf3 c5 7. O-O cxd4 8. Nxd4
dxc4 9. Bxc4 Qc7 10. Qb3 Bxc3 11. Nb5 Qc6 12. Nxc3 a6 13. Be2 e5 14. Bd2 Be6
15. Qa4 Qb6 16. Qa3 Nc6 17. Rac1 Rfd8 18. Rfd1 Rac8 19. e4 Nd4 20. Bg5 Rxc3 21.
bxc3 Nxe2+ 22. Kf1 Nxc1 0-1

[Event "26. ChessOrg Schachfestival Sen."]
[Site "Bad Woerishofen"]
[Date "2010.03.08"]
[Round "3.1"]
[White "Neese, Hans-Joachim"]
[Black "Klempt, Guenter"]
[Result "1-0"]
[WhiteElo "2246"]
[BlackElo "2058"]
[PlyCount "133"]
[EventDate "2010.??.??"]
[SourceDate "2010.03.06"]

1. d4 Nf6 2. c4 g6 3. Nc3 Bg7 4. e4 d6 5. Nf3 O-O 6. Be2 c5 7. O-O cxd4 8. Nxd4
Nc6 9. Be3 a6 10. Rc1 Bd7 11. Kh1 Rb8 12. f3 Nxd4 13. Bxd4 b5 14. Qd2 Qa5 15.
a3 Rfc8 16. cxb5 axb5 17. Rfd1 Qd8 18. Na2 Rxc1 19. Rxc1 Rc8 20. Rxc8 Qxc8 21.
Qc3 Qb7 22. Qa5 Nxe4 23. Bxg7 Nf2+ 24. Kg1 Nh3+ 25. gxh3 Kxg7 26. Qc3+ Kg8 27.
Bf1 Qd5 28. Nb4 Qg5+ 29. Kh1 e5 30. Qe1 Qf4 31. Qe2 Be6 32. Nd3 Qd4 33. Qf2 Qd5
34. Nb4 Qd1 35. Kg2 Qc1 36. h4 Bd7 37. Nd5 Kg7 38. Nc3 Qf4 39. Bxb5 Bxb5 40.
Nxb5 e4 41. Nc3 exf3+ 42. Qxf3 Qxh4 43. Ne4 d5 44. Qc3+ Kh6 45. Qd2+ Kg7 46.
Qxd5 Qg4+ 47. Ng3 Qa4 48. Qe5+ Kg8 49. Qc3 Qa8+ 50. Kf2 Qa7+ 51. Qe3 Qa4 52. b4
h5 53. Ne2 Qc2 54. Qe8+ Kg7 55. Qe5+ Kg8 56. b5 Qb3 57. Qc5 Qa4 58. Qb4 Qc2 59.
b6 Qf5+ 60. Ke1 Qd5 61. b7 Qh1+ 62. Kd2 Qd5+ 63. Kc2 Qf5+ 64. Kb2 Qe5+ 65. Nc3
Qxh2+ 66. Kb3 Qb8 67. Qb6 1-0

[Event "26. ChessOrg Schachfestival Sen."]
[Site "Bad Woerishofen"]
[Date "2010.03.08"]
[Round "3.18"]
[White "Rahn, Oskar"]
[Black "Blosze, Winfried"]
[Result "1-0"]
[WhiteElo "2118"]
[BlackElo "1911"]
[PlyCount "87"]
[EventDate "2010.??.??"]
[SourceDate "2010.03.06"]

1. e4 Nf6 2. e5 Nd5 3. d4 d6 4. c4 Nb6 5. exd6 cxd6 6. Nf3 g6 7. Nc3 Bg7 8. Be3
O-O 9. h3 Nc6 10. Qd2 Re8 11. Rd1 Nd7 12. Be2 b6 13. O-O Bb7 14. d5 Nce5 15.
Nd4 Rc8 16. b3 Nf6 17. f4 Ned7 18. Bf3 Nc5 19. Nc6 Bxc6 20. dxc6 Ne6 21. Nb5 a6
22. Nc3 Rb8 23. Nd5 Nxd5 24. cxd5 Nc7 25. Qf2 Na8 26. Rc1 Qc7 27. a4 e6 28.
Rfd1 Re7 29. dxe6 fxe6 30. Qd2 Rd8 31. Bd4 Bxd4+ 32. Qxd4 d5 33. Re1 Kf7 34. b4
Rd6 35. b5 a5 36. Qh8 Rd8 37. Qxh7+ Kf6 38. Qh4+ Kg7 39. Qg5 Rf8 40. Re5 Qd6
41. Rce1 Nc7 42. f5 Rf6 43. Bh5 Qb4 44. Bxg6 1-0

[Event "26. ChessOrg Schachfestival Sen."]
[Site "Bad Woerishofen"]
[Date "2010.03.08"]
[Round "3.19"]
[White "Weinwurm, Wolfgang"]
[Black "Fleckner, Hans"]
[Result "1-0"]
[WhiteElo "2187"]
[BlackElo "1944"]
[PlyCount "57"]
[EventDate "2010.??.??"]
[SourceDate "2010.03.06"]

1. e4 c5 2. Nf3 Nc6 3. d4 cxd4 4. Nxd4 Nf6 5. Nc3 g6 6. Nxc6 bxc6 7. e5 Ng8 8.
Bc4 Bg7 9. Qf3 f5 10. Bf4 Qa5 11. O-O-O Rb8 12. Rde1 Rb4 13. Qd3 Qc5 14. b3
Qxf2 15. g3 Bh6 16. Ne2 Qb6 17. a3 Rxc4 18. Qxc4 e6 19. Nc3 Bf8 20. Kb2 Ne7 21.
Be3 Qb8 22. Qd4 a6 23. Na4 Nd5 24. Bg5 h6 25. Bd2 Bg7 26. c4 d6 27. cxd5 Bxe5
28. Rxe5 dxe5 29. Qb6 1-0

[Event "26. ChessOrg Schachfestival Sen."]
[Site "Bad Woerishofen"]
[Date "2010.03.08"]
[Round "3.2"]
[White "Ziltener, Werner"]
[Black "Seyffer, Guenther"]
[Result "1/2-1/2"]
[WhiteElo "2125"]
[BlackElo "2043"]
[PlyCount "127"]
[EventDate "2010.??.??"]
[SourceDate "2010.03.06"]

1. Nf3 Nf6 2. d4 c5 3. c3 b6 4. g3 Bb7 5. Bg2 Qc7 6. O-O g6 7. Re1 Bg7 8. Nbd2
cxd4 9. cxd4 d5 10. Ne5 O-O 11. Ndf3 Rc8 12. Bf4 Nh5 13. Nxg6 Nxf4 14. Nxf4 Nd7
15. Rc1 Qd6 16. Qd2 Nf6 17. Nd3 Ne4 18. Qf4 Qxf4 19. gxf4 e6 20. e3 Nd6 21.
Nfe5 Ba6 22. Nb4 Bb5 23. Bf1 a5 24. Nbd3 f6 25. Nf3 Kf7 26. Rxc8 Rxc8 27. Rc1
Bd7 28. Rxc8 Bxc8 29. Nc1 Ke7 30. Bd3 Ne4 31. Ne2 Bd7 32. Ng3 f5 33. Ng5 Nf6
34. Kf1 h6 35. Nf3 Be8 36. Ne5 Ne4 37. Ke2 Nd6 38. f3 h5 39. Nh1 Bf6 40. Nf2
Bh4 41. Nd1 b5 42. Nc3 b4 43. Nb1 Kd8 44. Nd2 a4 45. Ba6 Be7 46. Nd3 Bb5 47.
Bxb5 Nxb5 48. Ne5 Kc7 49. Ng6 Bd6 50. Kd3 a3 51. bxa3 Nc3 52. axb4 Nxa2 53. b5
Kb6 54. e4 Kxb5 55. Ke3 Nb4 56. e5 Bc7 57. Nf8 Nc6 58. Nxe6 Bb6 59. Nb3 Kc4 60.
Nd2+ Kc3 61. Nb1+ Kb2 62. Nd2 Kc3 63. Nb1+ Kb2 64. Nd2 1/2-1/2

[Event "26. ChessOrg Schachfestival Sen."]
[Site "Bad Woerishofen"]
[Date "2010.03.08"]
[Round "3.12"]
[White "Zunker, Reinhard Dr"]
[Black "Teichmeister, Sven Dr"]
[Result "1-0"]
[WhiteElo "2178"]
[BlackElo "2091"]
[PlyCount "89"]
[EventDate "2010.??.??"]
[SourceDate "2010.03.06"]

1. e4 c5 2. Nf3 g6 3. d4 cxd4 4. Qxd4 Nf6 5. e5 Nc6 6. Qa4 Nd5 7. Qe4 Nb6 8.
Bb5 d5 9. exd6 Qxd6 10. Bf4 Qd5 11. Nc3 Qxe4+ 12. Nxe4 Bd7 13. Nc5 O-O-O 14.
O-O-O Bg7 15. Nxd7 Rxd7 16. Rxd7 Nxd7 17. Re1 Re8 18. c3 h6 19. Kc2 e5 20. Be3
a6 21. Bc4 Re7 22. b4 e4 23. Nd2 f5 24. a4 Nce5 25. Be2 Nf6 26. Bc5 Rd7 27. Nc4
Nd3 28. Bxd3 exd3+ 29. Kb3 Nd5 30. Nb6+ Nxb6 31. Bxb6 Rd5 32. Rd1 Be5 33. g3 h5
34. Kc4 Rd6 35. Bc5 Rc6 36. a5 Bd6 37. Rxd3 Bxc5 38. bxc5 Kc7 39. Re3 Kd7 40.
Kd5 Rf6 41. f4 Rc6 42. c4 Rc8 43. Re6 Rg8 44. c6+ bxc6+ 45. Rxc6 1-0

[Event "26. ChessOrg Schachfestival Sen."]
[Site "Bad Woerishofen"]
[Date "2010.03.09"]
[Round "4.44"]
[White "Birkestrand, Odd"]
[Black "Heil, Rudolf"]
[Result "1-0"]
[WhiteElo "1923"]
[BlackElo "1716"]
[PlyCount "67"]
[EventDate "2010.??.??"]
[SourceDate "2010.03.06"]

1. e4 Nc6 2. Nf3 f5 3. e5 d6 4. Bb5 a6 5. Bxc6+ bxc6 6. d4 e6 7. O-O Be7 8. c4
g5 9. Nxg5 Bxg5 10. Qh5+ Kd7 11. Bxg5 Qe8 12. Qf3 Ne7 13. Bxe7 Kxe7 14. Re1 d5
15. cxd5 cxd5 16. Qc3 c6 17. Nd2 h5 18. Rac1 Bd7 19. Nb3 h4 20. h3 Rg8 21. f4
Qg6 22. Re2 Qg3 23. Qxg3 Rxg3 24. Nc5 Rag8 25. Kh2 Be8 26. Rc3 Bh5 27. Rec2 a5
28. a3 a4 29. Rxg3 Rxg3 30. Rc3 Rxc3 31. bxc3 Bd1 32. g3 hxg3+ 33. Kxg3 Kf7 34.
Kh4 1-0

[Event "26. ChessOrg Schachfestival Sen."]
[Site "Bad Woerishofen"]
[Date "2010.03.09"]
[Round "4.8"]
[White "Blosze, Winfried"]
[Black "Hansen, Hans"]
[Result "0-1"]
[WhiteElo "1911"]
[BlackElo "2065"]
[PlyCount "46"]
[EventDate "2010.??.??"]
[SourceDate "2010.03.06"]

1. e4 c5 2. d4 cxd4 3. Nf3 Nc6 4. c3 Nf6 5. e5 Nd5 6. Bc4 Nb6 7. Bb3 d5 8. cxd4
Bg4 9. Be3 e6 10. h3 Bh5 11. Nc3 Be7 12. g4 Bg6 13. Nd2 h5 14. Rg1 hxg4 15.
hxg4 Nb4 16. Na4 Nd3+ 17. Ke2 O-O 18. Bc2 Nxa4 19. Qf1 Ndxb2 20. Bxg6 fxg6 21.
Qh3 Nc3+ 22. Ke1 Qa5 23. Nb3 Qa6 0-1

[Event "26. ChessOrg Schachfestival Sen."]
[Site "Bad Woerishofen"]
[Date "2010.03.09"]
[Round "4.29"]
[White "Collins, Alan"]
[Black "Neumann, Erwin"]
[Result "0-1"]
[WhiteElo "1871"]
[BlackElo "1999"]
[PlyCount "51"]
[EventDate "2010.??.??"]
[SourceDate "2010.03.06"]

1. d4 Nf6 2. Nf3 e6 3. Bf4 b6 4. e3 Bb7 5. Be2 Be7 6. Nc3 O-O 7. h3 d6 8. Qd3
Nbd7 9. Rg1 c5 10. O-O-O a6 11. g4 Rc8 12. g5 Ne8 13. Bh2 c4 14. Qd2 b5 15. Nb1
Be4 16. h4 Qb6 17. c3 Qc6 18. Ne1 Bxb1 19. Kxb1 Qe4+ 20. Nc2 f5 21. f4 Qb7 22.
d5 e5 23. fxe5 dxe5 24. Nb4 Bc5 25. Nc6 f4 26. Ne7+ 0-1

[Event "26. ChessOrg Schachfestival Sen."]
[Site "Bad Woerishofen"]
[Date "2010.03.09"]
[Round "4.48"]
[White "Grueneschild, Hildegard"]
[Black "Oser, Thor"]
[Result "1/2-1/2"]
[WhiteElo "1663"]
[BlackElo "1835"]
[PlyCount "54"]
[EventDate "2010.??.??"]
[SourceDate "2010.03.06"]

1. c4 Nf6 2. Nc3 g6 3. g3 Bg7 4. Bg2 O-O 5. e3 e6 6. d4 d5 7. cxd5 exd5 8. Nge2
c6 9. O-O Re8 10. Nf4 Nbd7 11. Qb3 Qb6 12. Qc2 Qd8 13. Re1 Nb6 14. b3 Bf5 15.
Qd1 Nc8 16. Bb2 Nd6 17. Rc1 g5 18. Nh5 Nxh5 19. Qxh5 Bg6 20. Qd1 f5 21. f3 h5
22. Qd2 g4 23. Ne2 gxf3 24. Bxf3 Ne4 25. Bxe4 fxe4 26. Nf4 Bf7 27. Qe2 Qg5
1/2-1/2

[Event "26. ChessOrg Schachfestival Sen."]
[Site "Bad Woerishofen"]
[Date "2010.03.09"]
[Round "4.17"]
[White "Jung, Michael Prof"]
[Black "Spurga, Josef"]
[Result "1/2-1/2"]
[WhiteElo "1826"]
[BlackElo "2011"]
[PlyCount "75"]
[EventDate "2010.??.??"]
[SourceDate "2010.03.06"]

1. c4 Nf6 2. Nc3 c5 3. g3 Nc6 4. Bg2 g6 5. e4 d6 6. Nge2 Bg7 7. O-O O-O 8. d3
Bd7 9. h3 e5 10. Be3 Ne8 11. Nd5 Ne7 12. Nec3 Nc7 13. Qd2 Ncxd5 14. exd5 Nf5
15. Ne4 Qe7 16. Rae1 Nxe3 17. Qxe3 f5 18. Qg5 Qxg5 19. Nxg5 Bf6 20. Ne6 Rf7 21.
b3 Rc8 22. f4 h6 23. Kh2 Kh7 24. Re2 Re7 25. fxe5 dxe5 26. Rfe1 b6 27. Rf1 Bxe6
28. dxe6 Rxe6 29. Bd5 Re7 30. Kg2 Kg7 31. Rfe1 Kf8 32. h4 f4 33. Be4 Kg7 34.
Bd5 Rcc7 35. Kf3 g5 36. hxg5 hxg5 37. Rh1 Kf8 38. Reh2 1/2-1/2

[Event "26. ChessOrg Schachfestival Sen."]
[Site "Bad Woerishofen"]
[Date "2010.03.09"]
[Round "4.49"]
[White "Miessner, Rolf"]
[Black "Gestrich, Wolfgang Prof"]
[Result "1-0"]
[WhiteElo "1814"]
[BlackElo "1671"]
[PlyCount "47"]
[EventDate "2010.??.??"]
[SourceDate "2010.03.06"]

1. e4 d5 2. exd5 Qxd5 3. Nc3 Qd6 4. Nf3 Nf6 5. Be2 c6 6. d3 Bf5 7. h3 h6 8. Be3
e6 9. Qd2 Be7 10. a3 O-O 11. g4 Bg6 12. g5 hxg5 13. Bxg5 Qd8 14. O-O-O Nh7 15.
Bxe7 Qxe7 16. Rdg1 Nd7 17. h4 Bh5 18. Ne4 Kh8 19. Nfg5 Bxe2 20. Qxe2 Ndf6 21.
Nxh7 Nxh7 22. Qh5 f6 23. Rg6 Rf7 24. Ng5 1-0

[Event "26. ChessOrg Schachfestival Sen."]
[Site "Bad Woerishofen"]
[Date "2010.03.09"]
[Round "4.5"]
[White "Schmid, Hartmut"]
[Black "Mann, Klaus-Dieter"]
[Result "1/2-1/2"]
[WhiteElo "2162"]
[BlackElo "2088"]
[PlyCount "62"]
[EventDate "2010.??.??"]
[SourceDate "2010.03.06"]

1. d4 Nf6 2. Nf3 d6 3. b3 g6 4. Bb2 Bg7 5. g3 c6 6. Bg2 O-O 7. O-O Nfd7 8. Qd2
Re8 9. e4 e5 10. Re1 Qc7 11. Na3 Nb6 12. h3 N8d7 13. Rad1 Bf8 14. c4 f6 15. Nh4
Be7 16. Nf3 a6 17. b4 exd4 18. Nxd4 Ne5 19. Qe2 c5 20. Ndc2 Be6 21. bxc5 Nbxc4
22. Nd4 Bf7 23. cxd6 Nxd6 24. Rc1 Nec4 25. Nf3 Rac8 26. e5 fxe5 27. Nxc4 Nxc4
28. Bxe5 Bd6 29. Bxd6 Rxe2 30. Bxc7 Rxe1+ 31. Rxe1 Rxc7 1/2-1/2

[Event "26. ChessOrg Schachfestival Sen."]
[Site "Bad Woerishofen"]
[Date "2010.03.09"]
[Round "4.2"]
[White "Straub, Peter"]
[Black "Zohr, Adelbert"]
[Result "1/2-1/2"]
[WhiteElo "2101"]
[BlackElo "1949"]
[PlyCount "134"]
[EventDate "2010.??.??"]
[SourceDate "2010.03.06"]

1. d4 d5 2. Nf3 Nf6 3. c4 c6 4. g3 Bg4 5. Bg2 Nbd7 6. Nbd2 e6 7. O-O Be7 8. h3
Bh5 9. b3 O-O 10. Bb2 h6 11. Ne5 Nxe5 12. dxe5 Nd7 13. g4 Bg6 14. e4 Nb6 15.
Qe2 dxc4 16. Nxc4 Nxc4 17. Qxc4 Qc7 18. f4 b5 19. Qe2 Rad8 20. f5 Bh7 21. Rac1
Bg5 22. Rc2 Rd7 23. Ba3 Rfd8 24. Bd6 Rxd6 25. exd6 Qxd6 26. e5 Qd4+ 27. Kh1 Bf4
28. Qe4 Bxe5 29. Qxd4 Bxd4 30. Rxc6 exf5 31. gxf5 g6 32. f6 g5 33. Rfc1 Bf5 34.
Rf1 Bg6 35. a4 bxa4 36. bxa4 Bb6 37. Ra1 Ba5 38. Rc5 Bb6 39. Rc6 Ba5 40. Ra6
Bb6 41. a5 Be3 42. Rc6 Kh7 43. Rc7 Bf2 44. Rf1 Be3 45. Rb7 Rd2 46. Re7 Bc5 47.
Re8 Ra2 48. Rd1 Rxa5 49. Rdd8 Ra1+ 50. Kh2 Bg1+ 51. Kg3 Ra3+ 52. Bf3 Bh5 53.
Rh8+ Kg6 54. Rdg8+ Kf5 55. Kg2 Bxf3+ 56. Kxg1 h5 57. Rc8 Kxf6 58. Rc7 Bd5 59.
Rxh5 a5 60. h4 Rg3+ 61. Kf2 Rg2+ 62. Ke3 a4 63. Rxg5 Rxg5 64. hxg5+ Ke5 65. Ra7
Bb3 66. Ra5+ Kd6 67. Kd4 Ke6 1/2-1/2

[Event "26. ChessOrg Schachfestival Sen."]
[Site "Bad Woerishofen"]
[Date "2010.03.09"]
[Round "4.3"]
[White "Szenetra, Werner"]
[Black "Lange, Manfred Dr"]
[Result "0-1"]
[WhiteElo "2201"]
[BlackElo "2095"]
[PlyCount "90"]
[EventDate "2010.??.??"]
[SourceDate "2010.03.06"]

1. Nf3 Nf6 2. g3 b6 3. Bg2 Bb7 4. O-O e6 5. d3 Be7 6. e4 d6 7. a4 c5 8. Nc3 O-O
9. h4 Nc6 10. e5 Nxe5 11. Nxe5 Bxg2 12. Nxf7 Rxf7 13. Kxg2 Qd7 14. Qe2 Re8 15.
Bd2 Qc6+ 16. f3 d5 17. d4 Bd6 18. Qb5 Qc7 19. dxc5 bxc5 20. f4 d4 21. Nd1 Rb8
22. Qc4 Qc6+ 23. Kg1 Ne4 24. Be1 Rf6 25. Ra3 Qd5 26. Qxd5 exd5 27. Raf3 h5 28.
b3 Re8 29. Nb2 Rfe6 30. Kg2 Nf6 31. Nd3 c4 32. bxc4 dxc4 33. Ne5 Bxe5 34. fxe5
Rxe5 35. Bf2 Re2 36. Rd1 Rxc2 37. Rxd4 Ng4 38. Rdf4 Ree2 39. Kg1 Nxf2 40. Rxf2
Rxf2 41. Rxf2 Rxf2 42. Kxf2 Kf7 43. Ke3 Ke6 44. Kd4 c3 45. Kxc3 Kf5 0-1

[Event "26. ChessOrg Schachfestival Sen."]
[Site "Bad Woerishofen"]
[Date "2010.03.10"]
[Round "5.20"]
[White "Aigner, Georg"]
[Black "Seyffer, Guenther"]
[Result "1-0"]
[WhiteElo "1939"]
[BlackElo "2043"]
[PlyCount "51"]
[EventDate "2010.??.??"]
[SourceDate "2010.03.06"]

1. e4 e6 2. d4 d5 3. Nd2 Nf6 4. e5 Nfd7 5. Bd3 c5 6. c3 Nc6 7. Ne2 cxd4 8. cxd4
Qb6 9. Nb3 f6 10. Be3 Bb4+ 11. Nc3 g6 12. Qg4 Ne7 13. O-O f5 14. Qh4 O-O 15.
Rfc1 Nc6 16. Na4 Qc7 17. a3 Ba5 18. Rc2 Qd8 19. Bg5 Qe8 20. Bb5 Bd8 21. Rac1
Bxg5 22. Qxg5 Nd8 23. Rxc8 Rxc8 24. Rxc8 Nf7 25. Rxe8 Rxe8 26. Bxd7 1-0

[Event "26. ChessOrg Schachfestival Sen."]
[Site "Bad Woerishofen"]
[Date "2010.03.10"]
[Round "5.10"]
[White "Alefs, Heinz"]
[Black "Lorenz, Dietmar"]
[Result "0-1"]
[WhiteElo "1866"]
[BlackElo "2077"]
[PlyCount "56"]
[EventDate "2010.??.??"]
[SourceDate "2010.03.06"]

1. d4 Nf6 2. Nf3 g6 3. e3 Bg7 4. Bd3 O-O 5. O-O d5 6. Nbd2 Nbd7 7. b3 c5 8. Bb2
cxd4 9. exd4 Nh5 10. Re1 Nf4 11. Bb5 a6 12. Bxd7 Bxd7 13. Ba3 Re8 14. Ne5 f6
15. Nxd7 Qxd7 16. Qf3 e5 17. Bb2 g5 18. dxe5 fxe5 19. Qg3 Qf5 20. Re3 Qxc2 21.
Bxe5 Rxe5 22. Rxe5 Bxe5 23. Qxg5+ Ng6 24. Nf3 Bxa1 25. Qxd5+ Kh8 26. h4 Qc6 27.
Qg5 Rc8 28. Qg4 Qc1+ 0-1

[Event "26. ChessOrg Schachfestival Sen."]
[Site "Bad Woerishofen"]
[Date "2010.03.10"]
[Round "5.39"]
[White "Bartlitz, Heinz"]
[Black "Kahler, Kurt"]
[Result "1/2-1/2"]
[WhiteElo "1800"]
[BlackElo "1938"]
[PlyCount "37"]
[EventDate "2010.??.??"]
[SourceDate "2010.03.06"]

1. e4 e5 2. Nf3 Nc6 3. Bb5 f5 4. exf5 Nf6 5. d3 Bc5 6. Be3 Nd4 7. Ba4 Qe7 8.
O-O O-O 9. Nxd4 exd4 10. Bg5 d5 11. Qf3 c6 12. Nd2 Qf7 13. Rae1 Kh8 14. a3 g6
15. Bxf6+ Qxf6 16. fxg6 Qxg6 17. Qg3 Qh6 18. Qe5+ Kg8 19. Qg3+ 1/2-1/2

[Event "26. ChessOrg Schachfestival Sen."]
[Site "Bad Woerishofen"]
[Date "2010.03.10"]
[Round "5.33"]
[White "Fragni, Enrico"]
[Black "Schuler, Georg"]
[Result "1-0"]
[WhiteElo "1785"]
[BlackElo "1921"]
[PlyCount "63"]
[EventDate "2010.??.??"]
[SourceDate "2010.03.06"]

1. c3 Nf6 2. Nf3 d5 3. d3 g6 4. Bg5 Bg7 5. Nbd2 c5 6. e4 O-O 7. Be2 Nc6 8. O-O
Qc7 9. h3 b6 10. Bxf6 Bxf6 11. exd5 Na5 12. Ne4 Bg7 13. Qc2 c4 14. Ned2 b5 15.
Rac1 Rd8 16. Nd4 Ba6 17. dxc4 bxc4 18. b4 cxb3 19. axb3 Bxe2 20. Nxe2 Rxd5 21.
Qe4 Rad8 22. Nf3 Nxb3 23. Rb1 Nc5 24. Qc4 Qd7 25. Nf4 Rf5 26. g4 Rxf4 27. Qxf4
Ne6 28. Qe3 Qc8 29. Rbc1 h6 30. Rfd1 Qc7 31. c4 g5 32. Ne1 {usw.} 1-0

[Event "26. ChessOrg Schachfestival Sen."]
[Site "Bad Woerishofen"]
[Date "2010.03.10"]
[Round "5.11"]
[White "Goy, Udo"]
[Black "Biberger, Hans"]
[Result "1-0"]
[WhiteElo "2238"]
[BlackElo "1997"]
[PlyCount "81"]
[EventDate "2010.??.??"]
[SourceDate "2010.03.06"]

1. d4 Nf6 2. Nf3 g6 3. c4 Bg7 4. Nc3 d5 5. cxd5 Nxd5 6. e4 Nxc3 7. bxc3 O-O 8.
Be2 c5 9. Rb1 a6 10. O-O Qa5 11. Bg5 Re8 12. Qd2 cxd4 13. cxd4 Qxd2 14. Bxd2
Nc6 15. Be3 b5 16. Rfc1 Na5 17. Bd2 Nb7 18. Rc7 Nd8 19. d5 Bg4 20. Bb4 Bxf3 21.
Bxf3 Kf8 22. Rbc1 a5 23. Bc3 Bxc3 24. R1xc3 b4 25. Rc1 f6 26. e5 Ra6 27. e6 a4
28. h4 Rb6 29. Bd1 b3 30. axb3 axb3 31. Rb1 Nb7 32. Rxb3 Rxb3 33. Bxb3 Nd6 34.
Ba4 Rb8 35. Bc6 f5 36. Rd7 h6 37. f3 g5 38. Kh2 Rb4 39. hxg5 hxg5 40. Rd8+ Kg7
41. Rxd6 1-0

[Event "26. ChessOrg Schachfestival Sen."]
[Site "Bad Woerishofen"]
[Date "2010.03.10"]
[Round "5.18"]
[White "Hansen, Hans"]
[Black "Schumacher, Horst"]
[Result "1-0"]
[WhiteElo "2065"]
[BlackElo "1864"]
[PlyCount "45"]
[EventDate "2010.??.??"]
[SourceDate "2010.03.06"]

1. e4 d5 2. exd5 Nf6 3. d4 Qxd5 4. Nc3 Qa5 5. Nf3 Bf5 6. Bc4 e6 7. Bd2 c6 8.
Qe2 Bb4 9. O-O-O O-O 10. Ne5 Nbd7 11. Nxd7 Nxd7 12. g4 Bg6 13. h4 h6 14. h5 Bh7
15. Kb1 b5 16. Bb3 a6 17. g5 hxg5 18. h6 g6 19. Rhg1 c5 20. dxc5 Nxc5 21. Rxg5
Rad8 22. Rxc5 Bxc5 23. Nd5 1-0

[Event "26. ChessOrg Schachfestival Sen."]
[Site "Bad Woerishofen"]
[Date "2010.03.10"]
[Round "5.4"]
[White "Lange, Manfred Dr"]
[Black "Groenegress, Wilfried"]
[Result "1/2-1/2"]
[WhiteElo "2095"]
[BlackElo "2185"]
[PlyCount "37"]
[EventDate "2010.??.??"]
[SourceDate "2010.03.06"]

1. e4 c5 2. Nf3 e6 3. g3 Nc6 4. Bg2 Nf6 5. d3 Be7 6. Nc3 O-O 7. O-O d6 8. d4
cxd4 9. Nxd4 Bd7 10. h3 Nxd4 11. Qxd4 Bc6 12. Be3 Qc7 13. Rad1 Rfd8 14. Qc4 a6
15. a4 Rac8 16. Qe2 Rb8 17. Ba7 Ra8 18. Be3 Rab8 19. Ba7 1/2-1/2

[Event "26. ChessOrg Schachfestival Sen."]
[Site "Bad Woerishofen"]
[Date "2010.03.10"]
[Round "5.9"]
[White "Mann, Klaus-Dieter"]
[Black "Mittermaier, Walter"]
[Result "1/2-1/2"]
[WhiteElo "2088"]
[BlackElo "2122"]
[PlyCount "53"]
[EventDate "2010.??.??"]
[SourceDate "2010.03.06"]

1. Nf3 d5 2. g3 Nf6 3. Bg2 e6 4. d4 Be7 5. O-O O-O 6. Nbd2 b6 7. b3 Bb7 8. Bb2
Nbd7 9. e3 c5 10. c4 Rc8 11. Rc1 Rc7 12. Re1 Qa8 13. Ne5 dxc4 14. Bxb7 Qxb7 15.
Ndxc4 b5 16. Nxd7 Nxd7 17. Na5 Qb6 18. Qd2 Rfc8 19. dxc5 Bxc5 20. b4 Be7 21.
Rxc7 Rxc7 22. a3 Nf6 23. Rc1 h6 24. Qd3 a6 25. Rxc7 Qxc7 26. f3 Nd5 27. Kf2
1/2-1/2

[Event "26. ChessOrg Schachfestival Sen."]
[Site "Bad Woerishofen"]
[Date "2010.03.10"]
[Round "5.1"]
[White "Neese, Hans-Joachim"]
[Black "Straub, Peter"]
[Result "1-0"]
[WhiteElo "2246"]
[BlackElo "2101"]
[PlyCount "75"]
[EventDate "2010.??.??"]
[SourceDate "2010.03.06"]

1. d4 Nf6 2. Nf3 e6 3. c4 b6 4. Nc3 Bb7 5. Qc2 d5 6. cxd5 exd5 7. Bg5 Be7 8. e3
Nbd7 9. Bd3 O-O 10. O-O h6 11. Bh4 Re8 12. Rac1 a6 13. Rfd1 Bd6 14. Qe2 Nf8 15.
Bb1 Ng6 16. Bg3 Ne4 17. Nxe4 dxe4 18. Nd2 Rc8 19. Qg4 Bxg3 20. hxg3 Qg5 21. Qh3
h5 22. Bxe4 Bxe4 23. Nxe4 Qb5 24. Nd6 cxd6 25. Rxc8 Rxc8 26. Qxc8+ Kh7 27. Qc2
Kg8 28. Rd3 h4 29. Rb3 Qg5 30. e4 hxg3 31. Rxg3 Qa5 32. Qc8+ Nf8 33. Qg4 g6 34.
Qh4 Qd2 35. Qf6 Qe1+ 36. Kh2 Qxe4 37. Rh3 Nh7 38. Qxd6 1-0

[Event "26. ChessOrg Schachfestival Sen."]
[Site "Bad Woerishofen"]
[Date "2010.03.10"]
[Round "5.34"]
[White "Xander, Karl Dr"]
[Black "Miessner, Rolf"]
[Result "1/2-1/2"]
[WhiteElo "1992"]
[BlackElo "1814"]
[PlyCount "41"]
[EventDate "2010.??.??"]
[SourceDate "2010.03.06"]

1. Nf3 d5 2. g3 Nf6 3. Bg2 b6 4. b3 Bb7 5. Bb2 Nbd7 6. O-O e6 7. c4 Be7 8. d4
O-O 9. Nbd2 c5 10. Rc1 Rc8 11. Re1 Re8 12. Ne5 cxd4 13. Bxd4 Nxe5 14. Bxe5 Nd7
15. Bb2 Bf6 16. Bxf6 Nxf6 17. e3 Rc7 18. Qe2 Qa8 19. cxd5 Rxc1 20. Rxc1 Bxd5
21. Bxd5 1/2-1/2